000 00509nam a2200181Ia 4500
008 090124s9999 xx 000 0 und d
082 _b15085
100 _aजोशी निर्मला
245 _a साद
250 _a0
260 _b"छत्रपती प्रकाशन, मुंबई 4"
_c1980
300 _a91
600 _aजोशी निर्मला
630 _a साद
700 _aजोशी निर्मला
730 _a साद
942 _cBOOK
999 _c88164
_d88164